Analytical geometry (3D) and integral calculas / (Record no. 22691)

MARC details
000 -LEADER
fixed length control field 00875nam a2200241 4500
005 - DATE AND TIME OF LATEST TRANSACTION
control field 20020327112551.0
008 - FIXED-LENGTH DATA ELEMENTS--GENERAL INFORMATION
fixed length control field 710422s1970 enk b 000 0 eng
010 ## - LCCN (DPL NO)
LC control number ENG-92719
020 ## - INTERNATIONAL STANDARD BOOK NUMBER
Terms of availability 80.00
International Standard Book Number 9788380008691
035 ## - SYSTEM CONTROL NUMBER
System control number EN-76252
037 ## - SOURCE OF ACQUISITION
Source of stock number/acquisition DBAD / PUB
040 ## - CATALOGING SOURCE
Original cataloging agency dpl
Language of cataloging English
082 ## - DEWEY DECIMAL CLASSIFICATION NUMBER
Classification number 516.3
100 ## - MAIN ENTRY--PERSONAL NAME
Personal name Rameshkumar, D.
245 ## - TITLE STATEMENT
Title Analytical geometry (3D) and integral calculas /
Statement of responsibility, etc by D. Rameshkumar
260 ## - PUBLICATION, DISTRIBUTION, ETC. (IMPRINT)
Place of publication, distribution, etc Tamilnadu
Name of publisher, distributor, etc Mercury Printers Publishers
Date of publication, distribution, etc 2008
270 ## - ADDRESS
Address Ganesh Complex, Peramballor
City Tamilnadu
Postal code 621212
300 ## - PHYSICAL DESCRIPTION
Extent 201p.
Dimensions 20cm (pbk)
650 ## - SUBJECT ADDED ENTRY--TOPICAL TERM
Topical term or geographic name as entry element Geometry, Analytic.
650 ## - SUBJECT ADDED ENTRY--TOPICAL TERM
Topical term or geographic name as entry element Calculus.
942 ## - ADDED ENTRY ELEMENTS (KOHA)
Source of classification or shelving scheme Dewey Decimal Classification
Item type English Books
Call number suffix RAM
Classification part 516.3
Holdings
Withdrawn status Lost status Source of classification or shelving scheme Damaged status Not for loan Collection code Home library Current library Date acquired Source of acquisition Cost, normal purchase price Total Checkouts Full call number Barcode Date last seen Copy number Cost, replacement price Koha item type
    Dewey Decimal Classification   Not For Loan Non-fiction D.B.Act.Division D.B.Act.Division 02/02/2009 DBAD / PUB 80.00   516.3 RAM EN-76252 30/01/2009 1 80.00 English Books

© Delhi Public Library
Hit Counter
free hit counter